| 000 | 00999nam a2200289Ia 4500 | ||
|---|---|---|---|
| 003 | OSt | ||
| 005 | 20221007124201.0 | ||
| 006 | a|||||r|||| 00| 0 | ||
| 007 | ta | ||
| 008 | 221006b |||||||| |||| 00| 0 eng d | ||
| 020 | _a9781439815144 (hbd) | ||
| 024 | _a117971 | ||
| 037 |
_b2099, 09/12/2010, Educational Book Agency (India) _cTextbook |
||
| 040 |
_aCDL _cCDL _beng |
||
| 041 |
_2eng _aeng |
||
| 082 | _aE1:f3, Q1 Carc | ||
| 100 |
_aFackler John P Ed. _9718628 |
||
| 245 | 0 |
_aTechniques in inorganic chemistry _b Falvello Larry R Ed. |
|
| 260 |
_aBoca _bRaton CRC Press _c2011 |
||
| 300 |
_ax, 209p. _ccm. |
||
| 500 | _aIncludes bibliographical references.; Index 201-209p. | ||
| 650 |
_a Inorganic chemistry _9185095 |
||
| 650 | _aChemistry | ||
| 700 |
_a Falvello Larry R Ed. _9718629 |
||
| 942 |
_hE1:f3, Q1 Carc _cTB _2CC |
||
| 999 |
_c1213133 _d1213133 |
||